Office OSCAR (Record no. 118914)

MARC details
000 -LEADER
fixed length control field 01384cas a22002415a 4500
001 - CONTROL NUMBER
control field L137800
008 - FIXED-LENGTH DATA ELEMENTS--GENERAL INFORMATION
fixed length control field 100803c2006 xxkar ws ss 000 00eng d
035 ## - SYSTEM CONTROL NUMBER
System control number (Sirsi) u137800
041 0# - LANGUAGE CODE
Language code of text/sound track or separate title eng
110 2# - MAIN ENTRY--CORPORATE NAME
Corporate name or jurisdiction name as entry element Jones Lang LaSalle
9 (RLIN) 3755
245 00 - TITLE STATEMENT
Title Office OSCAR
Remainder of title service charge analysis for offices
Medium [electronic resource]
260 ## - PUBLICATION, DISTRIBUTION, ETC.
Place of publication, distribution, etc. London
Name of publisher, distributor, etc. JLL
Date of publication, distribution, etc. 2006-
362 0# - DATES OF PUBLICATION AND/OR SEQUENTIAL DESIGNATION
Dates of publication and/or sequential designation 2006-
490 #0 - SERIES STATEMENT
Series statement Jones Lang LaSalle Office OSCAR Service Charge Analysis for Offices
Volume/sequential designation 2006-
520 ## - SUMMARY, ETC.
Summary, etc. Analyses office service charges paid by occupiers to owners of multi-let office buildings. The survey of a database of charges from office properties provides a comprehensive analysis of charges of building type (air-conditioned and non air-conditioned), location, size and components, makes comparisons with the previous year's data and reviews long-term service charge trends. Note: Office Oscar 2008 uploaded 24/12/2009; Office Oscar 2007 uploaded 01/05/2008, and Office OSCAR 2006 uploaded 05/05/2006.
554 ## -
-- Annual
590 ## - LOCAL NOTE (RLIN)
Local note KA
651 #4 - SUBJECT ADDED ENTRY--GEOGRAPHIC NAME
Geographic name United Kingdom
Chronological subdivision
690 ## - LOCAL SUBJECT ADDED ENTRY--TOPICAL TERM (OCLC, RLIN)
Topical term or geographic name as entry element PROPERTY-COMMERCIAL PROPERTY-COMMERCIAL PROPERTY MARKET
690 ## - LOCAL SUBJECT ADDED ENTRY--TOPICAL TERM (OCLC, RLIN)
Topical term or geographic name as entry element PROPERTY-COMMERCIAL PROPERTY-OFFICE PROPERTY
856 40 - ELECTRONIC LOCATION AND ACCESS
Uniform Resource Identifier <a href="https://www.joneslanglasalle.co.uk/UnitedKingdom/EN-GB/Pages/ResearchFilter.aspx">https://www.joneslanglasalle.co.uk/UnitedKingdom/EN-GB/Pages/ResearchFilter.aspx</a>
Public note View the item free of charge after registration at www.joneslanglasalle.co.uk
942 ## - ADDED ENTRY ELEMENTS (KOHA)
Suppress in OPAC 0
Holdings
Withdrawn status Lost status Source of classification or shelving scheme Damaged status Not for loan Home library Current library Shelving location Date acquired Total Checkouts Full call number Barcode Date last seen Copy number Price effective from Koha item type
    Dewey Decimal Classification     Virtual Virtual Online 01/05/2007   ONLINE PUBLICATION 137800-2001 06/08/2019 1 06/08/2019 Book